000 00349nam a2200145Ia 4500
008 230312s9999||||xx |||||||||||||| ||und||
020 _a93-5129-756-7
082 _a617.7
_bBAG-W
100 _aBagheri;Nika
245 0 _aWills Eye Manual
260 _bWolters Kluwer
_aChina
_c2017
300 _a446
650 _aMedical
_vOphthalmology
942 _cBK
999 _c9275
_d9275